Simester and Sullivan's criminal law : theory and practice (Fifth edition) (Record no. 57469)
[ view plain ]
| 000 -LEADER | |
|---|---|
| fixed length control field | 00703nam a2200193 a 4500 |
| 008 - FIXED-LENGTH DATA ELEMENTS--GENERAL INFORMATION | |
| fixed length control field | 210507s2013 ||||||||||||||||| || u |
| 020 ## - INTERNATIONAL STANDARD BOOK NUMBER | |
| International Standard Book Number | 9781849464444 |
| 050 ## - LIBRARY OF CONGRESS CALL NUMBER | |
| Classification number | KD 90 Sim |
| 100 ## - MAIN ENTRY--PERSONAL NAME | |
| Personal name | Sullivan, G.R |
| 245 10 - TITLE STATEMENT | |
| Title | Simester and Sullivan's criminal law : theory and practice (Fifth edition) |
| 250 ## - EDITION STATEMENT | |
| Edition statement | Fifth edition |
| 260 ## - PUBLICATION, DISTRIBUTION, ETC. | |
| Place of publication, distribution, etc. | Oxford |
| Name of publisher, distributor, etc. | Hart Publishing Limited |
| Date of publication, distribution, etc. | 2013 |
| 300 ## - PHYSICAL DESCRIPTION | |
| Extent | lxxxvi, 893 pages |
| 650 ## - SUBJECT ADDED ENTRY--TOPICAL TERM | |
| Topical term or geographic name entry element | CRIMINAL LAW--ENGLAND |
| 650 ## - SUBJECT ADDED ENTRY--TOPICAL TERM | |
| Topical term or geographic name entry element | CRIMINAL LAW--WALES |
| 700 ## - ADDED ENTRY--PERSONAL NAME | |
| Personal name | Simester, A.P |
| 700 ## - ADDED ENTRY--PERSONAL NAME | |
| Personal name | Spencer, J.R. |
| 995 ## - RECOMMENDATION 995 [LOCAL, UNIMARC FRANCE] | |
| -- | 62.56 |
| -- | CBU-MAIN LIBRARY (Kitwe) |
| -- | 1 |
| -- | AVAILABLE |
| -- | May 7, 2021 |
| -- | Main Library Open Access Collection |
| Withdrawn status | Lost status | Source of classification or shelving scheme | Damaged status | Not for loan | Home library | Current library | Shelving location | Date acquired | Total Checkouts | Full call number | Barcode | Date last seen | Price effective from | Koha item type |
|---|---|---|---|---|---|---|---|---|---|---|---|---|---|---|
| CBU-MAIN LIBRARY, KITWE. | CBU-MAIN LIBRARY, KITWE. | 11/30/2022 | KD 90 Sim | 751105 | 11/30/2022 | 11/30/2022 | MONOGRAPH |